000 00753nam a2200253 i 4500
001 19405
003 ES-MaACL
005 20230906152105.0
007 t|
008 020806s2002 sp ||||1| spa d
020 _a84-264-1310-2
080 _a930.85(460)
100 1 _aGoytisolo, Juan.
_959422
245 1 0 _aEspaña y los españoles /
_cJuan Goytisolo ; prólogo de Ana Nuño.
250 _a1ª ed. en Palabra en el Tiempo.
260 _aBarcelona :
_bLumen,
_c2002.
300 _a145 p. ;
_c24 cm.
490 1 _aPalabra en el tiempo ;
_v310
651 4 _aEspaña-
_xCivilización.
_98163
700 1 _aNuño, Ana.
_986234
830 0 _aPalabra en el tiempo ;
_v310
_9177857
852 _aES-MaACL
_jL-25848
_bR.131630
999 _c19405
_d19405